[Event "XVIII. DBMM Schach"]
[Site "Altenberg OT Zinnwald"]
[Date "2018.11.08"]
[Round "2.2"]
[White "Wirth, Volker"]
[Black "Grandt, Bernd"]
[Result "1/2-1/2"]
[WhiteElo "1753"]
[BlackElo "1978"]
[Annotator "br"]
[PlyCount "57"]
[EventDate "2018.11.??"]
[EventType "team-swiss"]
[EventRounds "7"]
[EventCountry "GER"]
[SourceTitle "XVIII. DBMM 2018"]
[Source "FV Schach e.V."]
[SourceDate "2018.11.12"]
[SourceVersion "1"]
[SourceVersionDate "2018.11.12"]
[SourceQuality "1"]
[WhiteTeam "Europark Altenberg/SV St.2"]
[BlackTeam "Stern Ludwigsfelde"]
[WhiteTeamCountry "GER"]
[BlackTeamCountry "GER"]

1. d4 d5 2. c4 e6 3. Nf3 c6 4. Nc3 Nf6 5. e3 Nbd7 6. Be2 Be7 7. a3 O-O 8. b4 a5
9. b5 dxc4 10. bxc6 bxc6 11. Bxc4 Nb6 12. Bd3 c5 13. dxc5 Bxc5 14. O-O Ba6 15.
Bxa6 Rxa6 16. Qe2 Ra8 17. Rd1 Nbd5 18. Nb5 Qe7 19. a4 Rfc8 20. Bb2 Bb4 21. Rac1
Ne4 22. Rc4 Nec3 23. Bxc3 Nxc3 24. Nxc3 Bxc3 25. Rc1 Rxc4 26. Qxc4 Bb2 27. Qc8+
Rxc8 28. Rxc8+ Qf8 29. Rxf8+ 1/2-1/2

[Event "XVIII. DBMM Schach"]
[Site "Altenberg OT Zinnwald"]
[Date "2018.11.08"]
[Round "2.3"]
[White "Meyer, Jens Uwe"]
[Black "Bussler, Juergen"]
[Result "1/2-1/2"]
[WhiteElo "1896"]
[BlackElo "1909"]
[Annotator "br"]
[PlyCount "32"]
[EventDate "2018.11.??"]
[EventType "team-swiss"]
[EventRounds "7"]
[EventCountry "GER"]
[SourceTitle "XVIII. DBMM 2018"]
[Source "FV Schach e.V."]
[SourceDate "2018.11.12"]
[SourceVersion "1"]
[SourceVersionDate "2018.11.12"]
[SourceQuality "1"]
[WhiteTeam "Stern Ludwigsfelde"]
[BlackTeam "Europark Altenberg/SV St.2"]
[WhiteTeamCountry "GER"]
[BlackTeamCountry "GER"]

1. d4 Nf6 2. Bf4 e6 3. e3 d5 4. Nf3 Bd6 5. Bg3 c6 6. Nbd2 Qc7 7. Ne5 Nbd7 8. f4
Ne4 9. Nxe4 dxe4 10. c4 Qa5+ 11. Kf2 O-O 12. c5 Be7 13. Qc2 f5 14. Bc4 Nf6 15.
Ke2 Nd5 16. a3 Bf6 {Rest unleserlich.} 1/2-1/2

[Event "XVIII. DBMM Schach"]
[Site "Altenberg OT Zinnwald"]
[Date "2018.11.08"]
[Round "2.4"]
[White "Bojarzin, Christoph"]
[Black "Junker, Carsten"]
[Result "1-0"]
[WhiteElo "1520"]
[BlackElo "1774"]
[Annotator "br"]
[PlyCount "59"]
[EventDate "2018.11.??"]
[EventType "team-swiss"]
[EventRounds "7"]
[EventCountry "GER"]
[SourceTitle "XVIII. DBMM 2018"]
[Source "FV Schach e.V."]
[SourceDate "2018.11.12"]
[SourceVersion "1"]
[SourceVersionDate "2018.11.12"]
[SourceQuality "1"]
[WhiteTeam "Europark Altenberg/SV St.2"]
[BlackTeam "Stern Ludwigsfelde"]
[WhiteTeamCountry "GER"]
[BlackTeamCountry "GER"]

1. d4 Nf6 2. Nf3 b6 3. g3 Bb7 4. Bg2 e6 5. O-O c5 6. c4 cxd4 7. Nxd4 Bxg2 8.
Kxg2 d5 9. Bf4 Bc5 10. Nb5 O-O 11. Nc7 g5 12. Bxg5 Qxc7 13. Bxf6 Nd7 14. Bc3
dxc4 15. e3 Ne5 16. Qe2 Bd6 17. Nd2 Rac8 18. Rac1 b5 19. b3 Qb7+ 20. Kg1 cxb3
21. axb3 b4 22. Bd4 f5 23. f4 Nc6 24. Bb2 e5 25. Nc4 Qb8 26. Nxd6 Qxd6 27. Qc4+
Kg7 28. Qb5 Kg6 29. Rfd1 Qe7 30. Rxc6+ 1-0

[Event "XVIII. DBMM Schach"]
[Site "Altenberg OT Zinnwald"]
[Date "2018.11.08"]
[Round "2.1"]
[White "Warnest, Stefan"]
[Black "Bangert, Udo"]
[Result "1/2-1/2"]
[WhiteElo "1537"]
[BlackElo "1893"]
[Annotator "br"]
[PlyCount "45"]
[EventDate "2018.11.??"]
[EventType "team-swiss"]
[EventRounds "7"]
[EventCountry "GER"]
[SourceTitle "XVIII. DBMM 2018"]
[Source "FV Schach e.V."]
[SourceDate "2018.11.12"]
[SourceVersion "1"]
[SourceVersionDate "2018.11.12"]
[SourceQuality "1"]
[WhiteTeam "BA Tempelhof Berlin III"]
[BlackTeam "SG Stern Stuttgart"]
[WhiteTeamCountry "GER"]
[BlackTeamCountry "GER"]

1. e4 e5 2. Nf3 Nf6 3. Nxe5 d6 4. Nf3 Nxe4 5. d4 d5 6. Bd3 Bf5 7. O-O Be7 8.
Re1 O-O 9. c4 c6 10. c5 Re8 11. Bf4 Nd7 12. Nbd2 Nxd2 13. Qxd2 Bxd3 14. Qxd3
Bf6 15. Rxe8+ Qxe8 16. Re1 Qd8 17. Bd6 g6 18. Qe3 Kg7 19. Ne5 Nxe5 20. Bxe5 Kf8
21. Bd6+ Kg7 22. Be5 Kf8 23. Bd6+ 1/2-1/2

[Event "XVIII. DBMM Schach"]
[Site "Altenberg OT Zinnwald"]
[Date "2018.11.08"]
[Round "2.2"]
[White "Wepfer, Bernd"]
[Black "Kalkowski, Thomas"]
[Result "1-0"]
[WhiteElo "1831"]
[BlackElo "1455"]
[Annotator "br"]
[PlyCount "48"]
[EventDate "2018.11.??"]
[EventType "team-swiss"]
[EventRounds "7"]
[EventCountry "GER"]
[SourceTitle "XVIII. DBMM 2018"]
[Source "FV Schach e.V."]
[SourceDate "2018.11.12"]
[SourceVersion "1"]
[SourceVersionDate "2018.11.12"]
[SourceQuality "1"]
[WhiteTeam "SG Stern Stuttgart"]
[BlackTeam "BA Tempelhof Berlin III"]
[WhiteTeamCountry "GER"]
[BlackTeamCountry "GER"]

1. g3 Nf6 2. Bg2 e5 3. c4 Bc5 4. Nf3 O-O 5. Nxe5 d6 6. Nf3 c6 7. O-O Re8 8. d4
Bb6 9. Nc3 h6 10. Qd3 Nbd7 11. Bf4 Bc7 12. b4 d5 13. Bxc7 Qxc7 14. cxd5 cxd5
15. Rac1 Qc4 16. Qb1 Nb6 17. a4 Qc6 18. Ne5 Qe6 19. Nb5 Bd7 20. Nc7 Qf5 21.
Qxf5 Bxf5 22. Nxa8 Rxa8 23. a5 Nc4 24. Nxc4 dxc4 1-0

[Event "XVIII. DBMM Schach"]
[Site "Altenberg OT Zinnwald"]
[Date "2018.11.08"]
[Round "2.3"]
[White "Quast, Michael"]
[Black "Molzan, Andreas"]
[Result "1-0"]
[WhiteElo "1801"]
[BlackElo "1256"]
[Annotator "br"]
[PlyCount "61"]
[EventDate "2018.11.??"]
[EventType "team-swiss"]
[EventRounds "7"]
[EventCountry "GER"]
[SourceTitle "XVIII. DBMM 2018"]
[Source "FV Schach e.V."]
[SourceDate "2018.11.12"]
[SourceVersion "1"]
[SourceVersionDate "2018.11.12"]
[SourceQuality "1"]
[WhiteTeam "BA Tempelhof Berlin III"]
[BlackTeam "SG Stern Stuttgart"]
[WhiteTeamCountry "GER"]
[BlackTeamCountry "GER"]

1. b3 e5 2. Bb2 Nc6 3. e3 d5 4. Bb5 Bd6 5. f4 Qe7 6. Ne2 Bd7 7. O-O O-O-O 8.
Nbc3 d4 9. Nd5 Qe6 10. Bc4 Qg6 11. Ng3 Nf6 12. f5 Qg5 13. e4 g6 14. d3 Nxd5 15.
Bxd5 Ne7 16. Bxf7 Rdf8 17. Be6 h5 18. Bxd7+ Kxd7 19. Bc1 Qf6 $11 20. fxg6 Qxg6
21. Rxf8 Rxf8 22. Qxh5 Qf6 23. Bg5 Qf2+ 24. Kh1 Qxc2 25. Qh3+ Kd8 26. Bxe7+
Bxe7 27. Nf5 Bb4 28. Qh6 Qxd3 29. Qh4+ Kc8 30. Qh3 $11 Qxe4 31. Ng3+ 1-0

[Event "XVIII. DBMM Schach"]
[Site "Altenberg OT Zinnwald"]
[Date "2018.11.08"]
[Round "2.4"]
[White "Salomon, Hendrik"]
[Black "Mahler, Sonja"]
[Result "0-1"]
[WhiteElo "1300"]
[BlackElo "1492"]
[Annotator "br"]
[PlyCount "42"]
[EventDate "2018.11.??"]
[EventType "team-swiss"]
[EventRounds "7"]
[EventCountry "GER"]
[SourceTitle "XVIII. DBMM 2018"]
[Source "FV Schach e.V."]
[SourceDate "2018.11.12"]
[SourceVersion "1"]
[SourceVersionDate "2018.11.12"]
[SourceQuality "1"]
[WhiteTeam "SG Stern Stuttgart"]
[BlackTeam "BA Tempelhof Berlin III"]
[WhiteTeamCountry "GER"]
[BlackTeamCountry "GER"]

1. c4 c6 2. d4 d6 3. Nc3 h6 4. Bf4 Nf6 5. e3 Qa5 6. Bd3 e5 7. dxe5 dxe5 8. Bg3
e4 9. Bc2 Na6 10. Qd2 Bb4 11. Nge2 Be6 12. a3 Nc5 13. b3 Rd8 14. Bc7 Qxc7 15.
Nd4 Qa5 16. axb4 Qxa1+ 17. Bd1 Nd3+ 18. Kf1 Nxb4 19. Ke2 c5 20. Nc2 Rxd2+ 21.
Kxd2 Qb2 0-1

[Event "XVIII. DBMM Schach"]
[Site "Altenberg OT Zinnwald"]
[Date "2018.11.08"]
[Round "2.1"]
[White "Schroeder, Kai Uwe"]
[Black "Wolf, Wilfried"]
[Result "1/2-1/2"]
[WhiteElo "1873"]
[BlackElo "1515"]
[Annotator "br"]
[PlyCount "92"]
[EventDate "2018.11.??"]
[EventType "team-swiss"]
[EventRounds "7"]
[EventCountry "GER"]
[SourceTitle "XVIII. DBMM 2018"]
[Source "FV Schach e.V."]
[SourceDate "2018.11.12"]
[SourceVersion "1"]
[SourceVersionDate "2018.11.12"]
[SourceQuality "1"]
[WhiteTeam "Baubehoerde Hamburg II"]
[BlackTeam "BA Tempelhof Berlin IV"]
[WhiteTeamCountry "GER"]
[BlackTeamCountry "GER"]

1. e4 e5 2. Nf3 Nc6 3. Bb5 d6 4. Bxc6+ bxc6 5. d4 exd4 6. Qxd4 Nf6 7. e5 Nd5 8.
O-O Be6 9. Bg5 Qd7 10. Re1 h6 11. Bc1 Ne7 12. b3 Nf5 13. Qd3 d5 14. Nc3 Bc5 15.
Na4 Bb6 16. Ba3 Ne7 17. Nd4 O-O 18. Nc5 Bxc5 19. Bxc5 Rfe8 20. Qa6 Qc8 21. Qxc8
Nxc8 22. Nxc6 Nb6 23. Rad1 Bd7 24. Ne7+ Kh7 25. Nxd5 Nxd5 26. Rxd5 Be6 27. Rdd1
a6 28. h3 Rab8 29. a4 g6 30. f4 h5 31. Bf2 Rb4 32. g3 Kg7 33. Kh2 Bf5 34. Rd2
Rbb8 35. Red1 Be6 36. Bc5 Rbc8 37. h4 Rb8 38. Rd4 Bf5 39. R1d2 Be6 40. Kg2 Kg8
41. Kf2 Kg7 42. Ke3 Bf5 43. Rb4 Be6 44. Rxb8 Rxb8 45. Rd4 Kg8 46. Be7 Kg7
1/2-1/2

[Event "XVIII. DBMM Schach"]
[Site "Altenberg OT Zinnwald"]
[Date "2018.11.08"]
[Round "2.2"]
[White "Schneider, Eckehard"]
[Black "Hartmann, Jens"]
[Result "1/2-1/2"]
[WhiteElo "1733"]
[BlackElo "1839"]
[Annotator "br"]
[PlyCount "84"]
[EventDate "2018.11.??"]
[EventType "team-swiss"]
[EventRounds "7"]
[EventCountry "GER"]
[SourceTitle "XVIII. DBMM 2018"]
[Source "FV Schach e.V."]
[SourceDate "2018.11.12"]
[SourceVersion "1"]
[SourceVersionDate "2018.11.12"]
[SourceQuality "1"]
[WhiteTeam "BA Tempelhof Berlin IV"]
[BlackTeam "Baubehoerde Hamburg II"]
[WhiteTeamCountry "GER"]
[BlackTeamCountry "GER"]

1. e4 e5 2. Nf3 Nc6 3. d4 exd4 4. Nxd4 Bc5 5. Be3 Qf6 6. c3 d6 7. Bc4 Nge7 8.
O-O Bb6 9. Na3 Nxd4 10. cxd4 O-O 11. Qd2 Qg6 12. f3 Qf6 13. Rad1 Nc6 14. Nc2 h6
15. b4 a6 16. a4 Rd8 17. Qc3 Bd7 18. Rfe1 Ne7 19. Ra1 c6 20. Bf2 Ng6 21. Qd2
Rac8 22. Rab1 Be6 23. Bxe6 fxe6 24. b5 cxb5 25. axb5 a5 26. Rec1 Nf4 27. Ne1
Bxd4 28. Rxc8 Rxc8 29. Kf1 Bxf2 30. Qxf2 Qd8 31. Qd2 e5 32. g3 Ne6 33. Qd5 Qd7
34. Nd3 Qe7 35. f4 exf4 36. Nxf4 Kf7 37. Rd1 Rd8 38. Rc1 Rd7 39. b6 g6 40. Rd1
Qf6 41. Kg2 Ke7 42. Rf1 g5 1/2-1/2

[Event "XVIII. DBMM Schach"]
[Site "Altenberg OT Zinnwald"]
[Date "2018.11.08"]
[Round "2.3"]
[White "Raum, Norbert"]
[Black "Mueller, Stefan"]
[Result "1/2-1/2"]
[WhiteElo "1842"]
[BlackElo "1786"]
[Annotator "br"]
[PlyCount "67"]
[EventDate "2018.11.??"]
[EventType "team-swiss"]
[EventRounds "7"]
[EventCountry "GER"]
[SourceTitle "XVIII. DBMM 2018"]
[Source "FV Schach e.V."]
[SourceDate "2018.11.12"]
[SourceVersion "1"]
[SourceVersionDate "2018.11.12"]
[SourceQuality "1"]
[WhiteTeam "Baubehoerde Hamburg II"]
[BlackTeam "BA Tempelhof Berlin IV"]
[WhiteTeamCountry "GER"]
[BlackTeamCountry "GER"]

1. Nf3 Nf6 2. g3 g6 3. Bg2 Bg7 4. O-O O-O 5. d4 d5 6. c3 Nbd7 7. Nbd2 Re8 8.
Re1 c6 9. a4 e5 10. dxe5 Nxe5 11. Nxe5 Rxe5 12. Nf3 Re8 13. Bg5 Bf5 14. Nd4 Qd7
15. Nxf5 Qxf5 16. Bxf6 Bxf6 17. Qd3 Qxd3 18. exd3 Kf8 19. Kf1 Rxe1+ 20. Kxe1
Re8+ 21. Kd2 Re7 22. Bh3 c5 23. Re1 Rxe1 24. Kxe1 Ke7 25. Kd2 Kd6 26. f4 h5 27.
Bg2 b6 28. Bf3 Bg7 29. h3 f5 30. Bd1 Ke6 31. b3 a5 32. Bf3 h4 33. g4 fxg4 34.
Bxg4+ 1/2-1/2

[Event "XVIII. DBMM Schach"]
[Site "Altenberg OT Zinnwald"]
[Date "2018.11.08"]
[Round "2.4"]
[White "Dankovic, Oliver"]
[Black "Hoffeins, Hans Werner"]
[Result "0-1"]
[WhiteElo "1338"]
[BlackElo "1542"]
[Annotator "br"]
[PlyCount "44"]
[EventDate "2018.11.??"]
[EventType "team-swiss"]
[EventRounds "7"]
[EventCountry "GER"]
[SourceTitle "XVIII. DBMM 2018"]
[Source "FV Schach e.V."]
[SourceDate "2018.11.12"]
[SourceVersion "1"]
[SourceVersionDate "2018.11.12"]
[SourceQuality "1"]
[WhiteTeam "BA Tempelhof Berlin IV"]
[BlackTeam "Baubehoerde Hamburg II"]
[WhiteTeamCountry "GER"]
[BlackTeamCountry "GER"]

1. e4 d6 2. d4 Nf6 3. Nc3 Nbd7 4. Nf3 e5 5. dxe5 dxe5 6. Bb5 c6 7. Bc4 b5 8.
Bb3 Bb4 9. Bd2 O-O 10. O-O Qc7 11. Re1 a5 12. a4 Bxc3 13. Bxc3 b4 14. Bd2 Nc5
15. c3 Rd8 16. cxb4 Nd3 17. Qc2 Nxe1 18. Rxe1 axb4 19. Bxb4 Rb8 20. Qc5 Qb6 21.
Bxf7+ Kh8 22. Qe7 Rb7 0-1

[Event "XVIII. DBMM Schach"]
[Site "Altenberg OT Zinnwald"]
[Date "2018.11.08"]
[Round "2.1"]
[White "Koerlin, Hans Juergen"]
[Black "Bruening, Martin"]
[Result "1-0"]
[WhiteElo "1878"]
[BlackElo "1772"]
[Annotator "br"]
[PlyCount "61"]
[EventDate "2018.11.??"]
[EventType "team-swiss"]
[EventRounds "7"]
[EventCountry "GER"]
[SourceTitle "XVIII. DBMM 2018"]
[Source "FV Schach e.V."]
[SourceDate "2018.11.12"]
[SourceVersion "1"]
[SourceVersionDate "2018.11.12"]
[SourceQuality "1"]
[WhiteTeam "BA Tempelhof Berlin II"]
[BlackTeam "SG Airbus Bremen"]
[WhiteTeamCountry "GER"]
[BlackTeamCountry "GER"]

1. e4 c6 2. d4 d5 3. e5 Bf5 4. Nc3 e6 5. g4 Bg6 6. Nge2 c5 7. Be3 cxd4 8. Nxd4
a6 9. f4 Qd7 10. Bg2 Nc6 11. O-O Nxd4 12. Bxd4 Bb4 13. f5 exf5 14. Nxd5 Ba5 15.
gxf5 Bxf5 16. c4 Nh6 17. b4 Bd8 18. e6 fxe6 19. Qh5+ Bg6 20. Qe5 Nf5 21. Bc5
Kf7 22. Rae1 Re8 23. Ne3 Bf6 24. Qf4 Rac8 25. Rd1 Qc7 26. Qf2 Rcd8 27. Nxf5
Rxd1 28. Nh6+ gxh6 29. Qxf6+ Kg8 30. Rxd1 b6 31. Bd4 1-0

[Event "XVIII. DBMM Schach"]
[Site "Altenberg OT Zinnwald"]
[Date "2018.11.08"]
[Round "2.2"]
[White "Jacobsen, Ruediger"]
[Black "Glienke, Michael"]
[Result "0-1"]
[WhiteElo "1466"]
[BlackElo "1667"]
[Annotator "br"]
[PlyCount "46"]
[EventDate "2018.11.??"]
[EventType "team-swiss"]
[EventRounds "7"]
[EventCountry "GER"]
[SourceTitle "XVIII. DBMM 2018"]
[Source "FV Schach e.V."]
[SourceDate "2018.11.12"]
[SourceVersion "1"]
[SourceVersionDate "2018.11.12"]
[SourceQuality "1"]
[WhiteTeam "SG Airbus Bremen"]
[BlackTeam "BA Tempelhof Berlin II"]
[WhiteTeamCountry "GER"]
[BlackTeamCountry "GER"]

1. e4 c5 2. Nc3 Nc6 3. Bc4 g6 4. Nf3 Bg7 5. O-O Nh6 6. a3 O-O 7. d3 d6 8. h3
Bd7 9. Rb1 Qc8 10. Ng5 Nd4 11. Nd5 Re8 12. c3 Ne6 13. f4 b5 14. Bb3 c4 15. dxc4
bxc4 16. Ba4 Nc5 17. Bxd7 Qxd7 18. Be3 Qb7 19. Qf3 e6 20. Nb4 f6 21. Bxc5 dxc5
22. Nc2 fxg5 23. fxg5 Nf7 0-1

[Event "XVIII. DBMM Schach"]
[Site "Altenberg OT Zinnwald"]
[Date "2018.11.08"]
[Round "2.3"]
[White "Meseck, Michael"]
[Black "Hueners, Rolf"]
[Result "1-0"]
[WhiteElo "1545"]
[BlackElo "1400"]
[Annotator "br"]
[PlyCount "101"]
[EventDate "2018.11.??"]
[EventType "team-swiss"]
[EventRounds "7"]
[EventCountry "GER"]
[SourceTitle "XVIII. DBMM 2018"]
[Source "FV Schach e.V."]
[SourceDate "2018.11.12"]
[SourceVersion "1"]
[SourceVersionDate "2018.11.12"]
[SourceQuality "1"]
[WhiteTeam "BA Tempelhof Berlin II"]
[BlackTeam "SG Airbus Bremen"]
[WhiteTeamCountry "GER"]
[BlackTeamCountry "GER"]

1. d4 Nf6 2. c4 g6 3. Nc3 Bg7 4. Nf3 O-O 5. e4 d6 6. Be2 b6 7. O-O Nbd7 8. Re1
Bb7 9. Qc2 e5 10. d5 c6 11. b4 cxd5 12. cxd5 a5 13. bxa5 Rxa5 14. Nb5 Nc5 15.
Nd2 Qb8 16. f3 Rc8 17. Qb1 Na4 18. Nc4 Ra8 19. Ba3 Bf8 20. Bxd6 Bxd6 21. Ncxd6
Rd8 22. Nxb7 Qxb7 23. Qb4 Nc5 24. Qb2 Qb8 25. Rab1 Ne8 26. Qd2 Nd6 27. Nxd6
Rxd6 28. Bb5 Kg7 29. Re2 Qf8 30. f4 f6 31. fxe5 fxe5 32. Rf1 Qe7 33. Rf3 Rf8
34. Rxf8 Qxf8 35. Qe3 Qe7 36. Rf2 Qh4 37. Bd3 Qg4 38. Bc2 Qd7 39. Qg5 Qe8 40.
Rf5 Nd7 41. Ba4 Qc8 42. Qe7+ Kg8 43. Qf7+ Kh8 44. Rf1 Nc5 45. Bb3 Nxe4 46. Qe7
Qc5+ 47. Kh1 Nf6 48. Qf8+ Ng8 49. h3 Qc7 50. Rf7 Rd7 51. Qg7# 1-0

[Event "XVIII. DBMM Schach"]
[Site "Altenberg OT Zinnwald"]
[Date "2018.11.08"]
[Round "2.4"]
[White "Mikoteit, Siegfried"]
[Black "Frahm, Werner"]
[Result "0-1"]
[WhiteElo "1276"]
[BlackElo "1547"]
[Annotator "br"]
[PlyCount "68"]
[EventDate "2018.11.??"]
[EventType "team-swiss"]
[EventRounds "7"]
[EventCountry "GER"]
[SourceTitle "XVIII. DBMM 2018"]
[Source "FV Schach e.V."]
[SourceDate "2018.11.12"]
[SourceVersion "1"]
[SourceVersionDate "2018.11.12"]
[SourceQuality "1"]
[WhiteTeam "SG Airbus Bremen"]
[BlackTeam "BA Tempelhof Berlin II"]
[WhiteTeamCountry "GER"]
[BlackTeamCountry "GER"]

1. e4 c5 2. Nf3 Nc6 3. d4 cxd4 4. Nxd4 e6 5. Bc4 a6 6. a4 Nf6 7. Nxc6 bxc6 8.
Nd2 Be7 9. O-O Qc7 10. Re1 d6 11. h3 Bb7 12. Nf3 Rd8 13. Qe2 Ra8 14. e5 Nd5 15.
Bxd5 cxd5 16. Bf4 O-O 17. Nd4 Bc8 18. Qg4 g6 19. Qg3 Rd8 20. h4 dxe5 21. Bxe5
Bd6 22. Bxd6 Qxd6 23. Qxd6 $11 Rxd6 24. b4 Rb8 25. c3 f6 26. f4 Bd7 27. a5 Re8
28. Nf3 Rc8 29. Re3 Kf7 30. Kf2 Rdc6 31. Rc1 Rc4 32. Ke2 Rxb4 33. cxb4 Rxc1 34.
Kd2 Rc4 0-1

[Event "XVIII. DBMM Schach"]
[Site "Altenberg OT Zinnwald"]
[Date "2018.11.09"]
[Round "3.1"]
[White "Segerberg, Tomas"]
[Black "Jordan, Dirk"]
[Result "1/2-1/2"]
[WhiteElo "2028"]
[BlackElo "2188"]
[Annotator "br"]
[PlyCount "34"]
[EventDate "2018.11.??"]
[EventType "team-swiss"]
[EventRounds "7"]
[EventCountry "GER"]
[SourceTitle "XVIII. DBMM 2018"]
[Source "FV Schach e.V."]
[SourceDate "2018.11.12"]
[SourceVersion "1"]
[SourceVersionDate "2018.11.12"]
[SourceQuality "1"]
[WhiteTeam "Europaeisches Patentamt Muenchen"]
[BlackTeam "Dresdner Schachfestival"]
[WhiteTeamCountry "GER"]
[BlackTeamCountry "GER"]

1. c4 c6 2. Nf3 d5 3. e3 Nf6 4. Qc2 Bg4 5. Ne5 e6 6. Nxg4 Nxg4 7. Be2 Qh4 8. g3
Qh3 9. Bf1 Qh6 10. h3 Nd7 11. Bg2 Nge5 12. cxd5 exd5 13. d4 Bb4+ 14. Bd2 Bxd2+
15. Nxd2 Ng6 16. O-O O-O 17. Nb3 Ne7 1/2-1/2

[Event "XVIII. DBMM Schach"]
[Site "Altenberg OT Zinnwald"]
[Date "2018.11.09"]
[Round "3.2"]
[White "Poenisch, Egmont"]
[Black "Bohnhoff, Peter"]
[Result "1/2-1/2"]
[WhiteElo "2145"]
[BlackElo "2065"]
[Annotator "br"]
[PlyCount "40"]
[EventDate "2018.11.??"]
[EventType "team-swiss"]
[EventRounds "7"]
[EventCountry "GER"]
[SourceTitle "XVIII. DBMM 2018"]
[Source "FV Schach e.V."]
[SourceDate "2018.11.12"]
[SourceVersion "1"]
[SourceVersionDate "2018.11.12"]
[SourceQuality "1"]
[WhiteTeam "Dresdner Schachfestival"]
[BlackTeam "Europaeisches Patentamt Muenchen"]
[WhiteTeamCountry "GER"]
[BlackTeamCountry "GER"]

1. c4 f5 2. Nc3 Nf6 3. g3 g6 4. Bg2 Bg7 5. Nf3 d6 6. d4 O-O 7. O-O c6 8. d5 e5
9. e4 Na6 10. Bg5 h6 11. Bxf6 $11 Qxf6 12. exf5 gxf5 13. Nh4 Bd7 14. Qd2 Rad8
15. Rad1 Be8 16. Qc2 c5 17. Bh3 Bd7 18. Qe2 Nc7 19. Rfe1 Rb8 20. f4 exf4
1/2-1/2

[Event "XVIII. DBMM Schach"]
[Site "Altenberg OT Zinnwald"]
[Date "2018.11.09"]
[Round "3.3"]
[White "Dekker, Derk"]
[Black "Sebastian, Martin"]
[Result "1/2-1/2"]
[WhiteElo "1855"]
[BlackElo "1957"]
[Annotator "br"]
[PlyCount "45"]
[EventDate "2018.11.??"]
[EventType "team-swiss"]
[EventRounds "7"]
[EventCountry "GER"]
[SourceTitle "XVIII. DBMM 2018"]
[Source "FV Schach e.V."]
[SourceDate "2018.11.12"]
[SourceVersion "1"]
[SourceVersionDate "2018.11.12"]
[SourceQuality "1"]
[WhiteTeam "Europaeisches Patentamt Muenchen"]
[BlackTeam "Dresdner Schachfestival"]
[WhiteTeamCountry "GER"]
[BlackTeamCountry "GER"]

1. d4 Nf6 2. c4 c5 3. d5 b5 4. cxb5 a6 5. Nc3 g6 6. e4 d6 7. Nf3 Bg7 8. Be2 O-O
9. O-O axb5 10. Bxb5 Na6 11. Qe2 Nc7 12. Bd3 Bb7 13. Rd1 Qd7 14. h3 Rfb8 15.
Bf4 Ba6 16. Bxa6 Nxa6 17. e5 Ne8 18. Rab1 Rb4 19. Bg3 Qb7 20. Ne4 Nac7 21. a3
Rb6 22. Qc4 Qa6 23. Qxa6 1/2-1/2

[Event "XVIII. DBMM Schach"]
[Site "Altenberg OT Zinnwald"]
[Date "2018.11.09"]
[Round "3.4"]
[White "Wieland, Karsten"]
[Black "Brendemuehl, Bernd"]
[Result "1/2-1/2"]
[WhiteElo "1676"]
[BlackElo "1886"]
[Annotator "br"]
[PlyCount "29"]
[EventDate "2018.11.??"]
[EventType "team-swiss"]
[EventRounds "7"]
[EventCountry "GER"]
[SourceTitle "XVIII. DBMM 2018"]
[Source "FV Schach e.V."]
[SourceDate "2018.11.12"]
[SourceVersion "1"]
[SourceVersionDate "2018.11.12"]
[SourceQuality "1"]
[WhiteTeam "Dresdner Schachfestival"]
[BlackTeam "Europaeisches Patentamt Muenchen"]
[WhiteTeamCountry "GER"]
[BlackTeamCountry "GER"]

1. d4 f5 2. Nf3 Nf6 3. e3 e6 4. Nbd2 d5 5. c4 c6 6. Be2 Bd6 7. O-O Nbd7 8. h3
O-O 9. b3 Qe7 10. Bb2 e5 11. dxe5 Nxe5 12. cxd5 cxd5 13. Rc1 Bd7 14. Nxe5 Bxe5
15. Bxe5 1/2-1/2

[Event "XVIII. DBMM Schach"]
[Site "Altenberg OT Zinnwald"]
[Date "2018.11.09"]
[Round "3.1"]
[White "Koscielski, Janusch"]
[Black "Gohil, Harry"]
[Result "0-1"]
[WhiteElo "2320"]
[BlackElo "2229"]
[Annotator "br"]
[PlyCount "108"]
[EventDate "2018.11.??"]
[EventType "team-swiss"]
[EventRounds "7"]
[EventCountry "GER"]
[SourceTitle "XVIII. DBMM 2018"]
[Source "FV Schach e.V."]
[SourceDate "2018.11.12"]
[SourceVersion "1"]
[SourceVersionDate "2018.11.12"]
[SourceQuality "1"]
[WhiteTeam "EKJ Herne und Wanne-Eickel"]
[BlackTeam "BSG Commerzbank Frankfurt"]
[WhiteTeamCountry "GER"]
[BlackTeamCountry "GER"]

1. g3 g6 2. Bg2 Bg7 3. e4 c5 4. d3 Nc6 5. c4 d6 6. Nc3 e6 7. Nge2 h5 8. h3 Nge7
9. Be3 Nd4 10. O-O e5 11. Kh2 Be6 12. Nd5 Qd7 13. Nxd4 cxd4 14. Bg5 Bxd5 15.
cxd5 f6 16. Bd2 h4 17. g4 Qb5 18. Qb3 Qxb3 19. axb3 Kd7 20. Rfc1 Bh6 21. Bxh6
Rxh6 22. g5 fxg5 23. Bf3 Ng8 24. Rc2 Nf6 25. Rac1 Rh7 26. Rc7+ Kd8 27. Rxh7
Nxh7 28. Bg4 Nf6 29. f3 Nxg4+ 30. fxg4 Rc8 31. Rc4 Rxc4 32. bxc4 Kc7 33. Kg2 a5
34. Kf2 Kb6 35. Ke2 Kc5 36. Kd2 Kb4 37. Kc2 b6 38. Kc1 Kb3 39. Kb1 a4 40. Kc1
a3 41. Kb1 a2+ 42. Ka1 Kc2 43. b4 Kxd3 44. c5 Kxe4 45. cxb6 d3 46. b7 d2 47.
b8=Q d1=Q+ 48. Kxa2 Qxd5+ 49. Ka3 Kd3 50. Qf8 Kc3 51. Ka4 Qb3+ 52. Ka5 Qxb4+
53. Ka6 e4 54. Qf2 Qa3+ 0-1